000 00353nam a2200133Ia 4500
005 20260326100045.0
008 260326s9999||||xx |||||||||||||| ||und||
100 _aOrtíz Echagüe, César
245 0 _aLa Arquitectura Española Actual /
_cCésar Ortíz Echagüe
260 _bRialp
300 _a118 p.
650 _aARQUITECTURA REGIONAL
942 _cBK
999 _c7153
_d7153